Parallel programming in C with MPI and openMP (Record no. 1033)

MARC details
000 -LEADER
fixed length control field 00500 a2200169 4500
001 - CONTROL NUMBER
control field 067047
003 - CONTROL NUMBER IDENTIFIER
control field OSt
005 - DATE AND TIME OF LATEST TRANSACTION
control field 20211026160824.0
008 - FIXED-LENGTH DATA ELEMENTS--GENERAL INFORMATION
fixed length control field
082 ## - DEWEY DECIMAL CLASSIFICATION NUMBER
Classification number 005.133
Item number Q44P
100 1# - MAIN ENTRY--PERSONAL NAME
Personal name Quinn, Michael J.
245 1# - TITLE STATEMENT
Title Parallel programming in C with MPI and openMP
Statement of responsibility, etc by Michael J. Quinn
260 ## - PUBLICATION, DISTRIBUTION, ETC. (IMPRINT)
Place of publication, distribution, etc New Delhi
Name of publisher, distributor, etc Tata Mcgraw Hill
Date of publication, distribution, etc 2008
300 ## - PHYSICAL DESCRIPTION
Extent 529p.
690 ## - LOCAL SUBJECT ADDED ENTRY--TOPICAL TERM (OCLC, RLIN)
Topical term or geographic name as entry element Parallel programming (Computer science); C (Computer program language)
942 ## - ADDED ENTRY ELEMENTS (KOHA)
Source of classification or shelving scheme Dewey Decimal Classification
Koha item type Books
Holdings
Withdrawn status Lost status Source of classification or shelving scheme Damaged status Not for loan Collection code Home library Current library Date acquired Source of acquisition Cost, normal purchase price Total Checkouts Full call number Barcode Checked out Date last seen Date checked out Price effective from Koha item type
    Dewey Decimal Classification     General Text Book Central University Of Rajasthan Central University Of Rajasthan 07/03/2012 CSC 450.00 1 005.133 Q44P 1333 21/02/2026 23/12/2025 23/12/2025 02/09/2020 Books